| 000 | 00345 a2200157 4500 | ||
|---|---|---|---|
| 001 | 60765 | ||
| 020 | _a850810412X | ||
| 040 | _cAnchieta - Pituba | ||
| 100 | _aAuricchio, Elizabeth | ||
| 240 | 1 | 0 |
_aGeografia, 8º ano _lpor |
| 245 | 1 | 0 | _aGeografia, 8º ano |
| 300 | _a264/64 | ||
| 362 | 0 | _a2006 | |
| 650 | 4 | _aGeografia e viagens | |
| 942 | _cBK | ||
| 999 |
_c60765 _d60765 |
||